书目信息 |
| 题名: |
跨文化交际背景下的中西文化比较研究
|
|
| 作者: | 任永进 , 贺志涛 涛著 | |
| 分册: | ||
| 出版信息: | 北京 中国大地出版社 2019 |
|
| 页数: | 210页 | |
| 开本: | 24cm | |
| 丛书名: | ||
| 单 册: | ||
| 中图分类: | G04 | |
| 科图分类: | ||
| 主题词: | 东西文化--比较文化--研究 | |
| 电子资源: | ||
| ISBN: | 978-7-5200-0400-8 | |
| 000 | 01142nam0 2200241 45 | |
| 001 | 012001003645 | |
| 005 | 20140113174241.0 | |
| 010 | @a978-7-5200-0400-8@dCNY66.00 | |
| 100 | @a20190530d2019 em y0chiy0110 ea | |
| 101 | 0 | @achi |
| 102 | @aCN@b110000 | |
| 105 | @ay z 000yy | |
| 106 | @ar | |
| 200 | 1 | @a跨文化交际背景下的中西文化比较研究@Akua wen hua jiao ji bei jing xia de zhong xi wen hua bi jiao yan jiu@f任永进,贺志涛著 |
| 210 | @a北京@c中国大地出版社@d2019 | |
| 215 | @a210页@d24cm | |
| 330 | @a现如今,在全世界范围内,跨文化交际都在频繁的进行,这种情况不仅是科学技术发展的重要结果,同时也展现出世界经济、人口等的巨大变化。本书首先介绍文化、交际、跨文化交际的概念与基础理论,然后分析跨文化交际背景下的中西文化、语言差异,在以上内容的基础上,重点研究跨文化交际背景下的中西语言核心文化、物质文化、民俗文化、动物与植物文化、色彩与数字文化,以及人名、地名与方位文化的比较。本书体系完整、脉络清晰,是一本值得学习研究的著作。 | |
| 606 | 0 | @a东西文化@x比较文化@x研究 |
| 690 | @aG04@v5 | |
| 701 | 0 | @a任永进@Aren yong jin@4涛著 |
| 701 | 0 | @a贺志涛@Ahe zhi tao@4著 |
| 801 | @b江苏凤凰@c20191020 | |
| 905 | @b1236660-5@dG04@e136@f6 | |
| 跨文化交际背景下的中西文化比较研究/任永进,贺志涛著.-北京:中国大地出版社,2019 |
| 210页;24cm |
| ISBN 978-7-5200-0400-8:CNY66.00 |
| 现如今,在全世界范围内,跨文化交际都在频繁的进行,这种情况不仅是科学技术发展的重要结果,同时也展现出世界经济、人口等的巨大变化。本书首先介绍文化、交际、跨文化交际的概念与基础理论,然后分析跨文化交际背景下的中西文化、语言差异,在以上内容的基础上,重点研究跨文化交际背景下的中西语言核心文化、物质文化、民俗文化、动物与植物文化、色彩与数字文化,以及人名、地名与方位文化的比较。本书体系完整、脉络清晰,是一本值得学习研究的著作。 |
| ● |
| 相关链接 |
|
|
|
|
正题名:跨文化交际背景下的中西文化比较研究
索取号:G04/136
 
预约/预借
| 序号 | 登录号 | 条形码 | 馆藏地/架位号 | 状态 | 备注 |
| 1 | 1236660 | 212366606 | 第一样本阅览室/ [索取号:G04/136] | 在馆 | |
| 2 | 1236661 | 212366615 | 教育系资料室/ [索取号:G04/136] | 在馆 | |
| 3 | 1236662 | 212366624 | 教育系资料室/ [索取号:G04/136] | 在馆 | |
| 4 | 1236663 | 212366633 | 第四借阅区/ [索取号:G04/136] | 在馆 | |
| 5 | 1236664 | 212366642 | 第四借阅区/ [索取号:G04/136] | 在馆 | |
| 6 | 1236665 | 212366651 | 第四借阅区/ [索取号:G04/136] | 在馆 |